| 000 | 00538nam a2200229Ia 4500 | ||
|---|---|---|---|
| 003 | 0100 | ||
| 008 | 130303s9999 xx 000 0 und d | ||
| 040 | _cARRUPELIB | ||
| 050 | _aHX915.B3C31961 | ||
| 100 | _aCarr, Edward Hallett | ||
| 245 | _aMichael Bakunin | ||
| 250 | _a1st | ||
| 260 | _aNew York | ||
| 260 | _bVintage Books | ||
| 260 | _C1961 | ||
| 300 | _a511 p. | ||
| 300 | _b19 cm | ||
| 440 | _aVintage Russian Library, V-725 | ||
| 650 | _bShona language - Exercises | ||
| 700 | _aEdward Hallett Carr | ||
| 942 | 0 | 0 | _01 |
| 999 |
_c45669 _d45669 |
||